Cinquante ans de vie littéraire / (Record no. 156874)

MARC details
000 -LEADER
campo de control de longitud fija 01062nam a22002535i 4500
001 - NÚMERO DE CONTROL
campo de control 156874
003 - IDENTIFICADOR DE NÚMERO DE CONTROL
campo de control ES-MaACL
005 - FECHA Y HORA DE LA ÚLTIMA TRANSACCIÓN
campo de control 20250718063328.0
008 - DATOS DE LONGITUD FIJA--INFORMACIÓN GENERAL
campo de control de longitud fija 040805s1882 fr |||| | fre d
040 ## - FUENTE DE CATALOGACIÓN
Centro catalogador/agencia de origen CAM
Lengua de catalogación spa
Centro/agencia transcriptor CAM
100 1# - ENTRADA PRINCIPAL--NOMBRE DE PERSONA
Nombre de persona Lafon, Mary,
Fechas asociadas al nombre 1812-1884
Término indicativo de función/relación Autor
9 (RLIN) 128583
245 10 - MENCIÓN DEL TÍTULO
Título Cinquante ans de vie littéraire /
Mención de responsabilidad, etc. par Mary Lafon.
260 ## - PUBLICACIÓN, DISTRIBUCIÓN, ETC.
Lugar de publicación, distribución, etc. Paris :
Nombre del editor, distribuidor, etc. Calmann Lévy,
Fecha de publicación, distribución, etc. 1882
Fabricante (Imp. Chaix)
300 ## - DESCRIPCIÓN FÍSICA
Extensión II, 422 páginas ;
Dimensiones 18 cm.
530 ## - NOTA DISPONIBLE DE FORMULARIO FÍSICO ADICIONAL
Nota de formato físico adicional disponible Disponible en formato digital
594 ## - Nota al título y mención de responsabilidad
Nota al título y mención de responsabilidad Mary Lafon es Jean-Bernard Mary-Lafon
650 #4 - PUNTO DE ACCESO ADICIONAL DE MATERIA--TÉRMINO DE MATERIA
9 (RLIN) 12393
Término de materia o nombre geográfico como elemento de entrada Escritores franceses-
Subdivisión general Biografías
650 #4 - PUNTO DE ACCESO ADICIONAL DE MATERIA--TÉRMINO DE MATERIA
Término de materia o nombre geográfico como elemento de entrada Literatura francesa-
Subdivisión cronológica S.XIX-
Subdivisión general Historia y crítica
9 (RLIN) 14589
852 ## - LOCALIZACIÓN
Ubicación ES-MaACL
Ubicación en estantería Sala Pecera Planta 2
Marcas de propiedad Ex-libris ms. de Antonio Escobar Laredo, 1883
Donativo/Legado Donativo de Antonio Escobar Laredo
Número de control de estantería F-9048
Encuadernación Pasta española
856 ## - LOCALIZACIÓN Y ACCESO ELECTRÓNICOS
Identificador Uniforme de Recursos <a href="https://gallica.bnf.fr/ark:/12148/bpt6k299352f.texteImage">https://gallica.bnf.fr/ark:/12148/bpt6k299352f.texteImage</a>
Texto de enlace Versión en línea
Nota pública (Gallica. Bibliothèque nationale de France)
942 ## - ELEMENTOS DE ENTRADA SECUNDARIOS (KOHA)
Fuente del sistema de clasificación o colocación Clasificación decimal universal
Tipo de ítem Koha Libro impreso antiguo
Suprimir en OPAC No
Holdings
Estatus retirado Estado de pérdida Fuente del sistema de clasificación o colocación Estado de daño No para préstamo Colección Biblioteca de origen Biblioteca actual Ubicación en estantería Fecha de adquisición Fuente de adquisición Total de préstamos Signatura topográfica completa Código de barras Visto por última vez Tipo de ítem Koha
    Clasificación decimal universal     Libros del s. XIX Biblioteca del Ateneo de Madrid Biblioteca del Ateneo de Madrid Sala Pecera Planta 2 17/01/2008 Donación   F-9048 1164129 23/02/2023 Libro impreso antiguo